000 00847nas a2200265 4500
001 BR2012003588
003 BR-BrBNA
005 20231205120544.0
007 ta
008 230509b bl.|||p| |||| 00| 00por d
040 _aBR-BrBNA
_bpor
_cBiblioteca Nacional de Agricultura
041 _a(Pt)
072 _aM40
100 1 _aAlves-da-Silva, S.M.
100 1 _aHahn, A.T.
245 1 _aLista das Euglenophyta registradas em ambientes de águas continentais e costeiras do Estado do Rio Grande do Sul, Brasil
650 _aÁGUAS CONTINENTAIS
650 _aÁGUA DOCE
650 _aRIO GRANDE DO SUL
650 _aALGA
650 _aTAXONOMIA VEGETAL
773 0 _tIheringia. Série Botânica (Brazil)
_xISSN 0073-4705
_g(Jun 2001), v. 55 p. 171-188
_wBR2012003588
909 _a202311
_bLúcia
_c55
_dLúcia Elande
942 _2AGRIS
_n0
_cANA
999 _c219110
_d219110